| Tag |
First Indicator |
Second Indicator |
Subfields |
| LEADER |
00000cam a22000001a 4500 |
| 001 |
in00002829752 |
| 005 |
20190331175554.0 |
| 006 |
m o d |
| 007 |
cr bn mmmapmmp |
| 008 |
110609s2002 dcu o f000 0 eng d |
| 035 |
|
|
|a cis2004639318
|
| 040 |
|
|
|a ProQuest
|c ProQuest
|d UtOrBLW
|
| 043 |
|
|
|a n-us---
|
| 086 |
0 |
|
|a Y 1.1/8:107-712
|
| 099 |
|
|
|a ProQuest Serial Set Number 14793 H.rp.712
|
| 110 |
1 |
|
|a United States.
|b Congress.
|b House.
|b Committee on Resources.
|
| 245 |
1 |
0 |
|a Amending the Act Entitled "An Act To Authorize the Establishment of the Andersonville National Historic Site in the State of Georgia, and for Other Purposes", To Provide for the Addition of Certain Donated Lands to the Andersonville National Historic Site.
|
| 264 |
|
1 |
|a Washington :
|b [publisher not identified],
|c 2002.
|
| 300 |
|
|
|a 1 online resource.
|
| 336 |
|
|
|a text
|b txt
|2 rdacontent
|
| 337 |
|
|
|a computer
|b c
|2 rdamedia
|
| 338 |
|
|
|a online resource
|b cr
|2 rdacarrier
|
| 490 |
0 |
|
|a H. Rpt. 107-712
|
| 500 |
|
|
|a Record is based on bibliographic data in ProQuest U.S. Serial Set Digital Collection (last viewed June 2011). Reuse except for individual research requires license from ProQuest, LLC.
|
| 510 |
3 |
|
|a ProQuest U.S. Serial Set Digital Collection
|
| 500 |
|
|
|a Electronic resource.
|
| 650 |
|
0 |
|a Civil war.
|
| 650 |
|
0 |
|a Historic sites.
|
| 651 |
|
0 |
|a Georgia.
|
| 655 |
|
7 |
|a Electronic books.
|2 local
|
| 710 |
2 |
|
|a ProQuest (Firm)
|
| 710 |
1 |
|
|a United States.
|b Congressional Budget Office.
|
| 830 |
|
0 |
|a United States congressional serial set.
|
| 856 |
4 |
0 |
|u http://proxy.library.tamu.edu/login?url=http://congressional.proquest.com/congcomp/getdoc?SERIAL-SET-ID=14793+H.rp.712
|z Connect to the full text of this electronic book
|t 0
|
| 999 |
|
|
|a MARS
|
| 999 |
f |
f |
|s b24a56da-5833-31a8-93f3-97e8996a1cac
|i adc7c660-8877-3f02-9a60-4231a21e1f5c
|t 0
|
| 952 |
f |
f |
|a Texas A&M University
|b College Station
|c Electronic Resources
|d Available Online
|t 0
|e ProQuest Serial Set Number 14793 H.rp.712
|h Other scheme
|
| 998 |
f |
f |
|a ProQuest Serial Set Number 14793 H.rp.712
|t 0
|l Available Online
|